• 首页
  • 本馆介绍
  • 公告通知
  • 最新文献
  • 馆藏检索
  • 电子资源
  • 读者导购
  • 参考咨询
  • 我的图书馆
  • 登录
  • 详细信息显示
  • 放入我的书架
  • 预约/预借图书
  • 作者相关作品
  • 分类相关作品
  • 丛书相关作品
  • 出版社相关作品

书目信息

  • 表格格式
  • 工作单格式
  • 卡片格式
题名:
孝经的教育智慧
    
 
作者: 刘枫 著
分册:  
出版信息: 北京   中国商业出版社  2018
页数: 161页
开本: 24cm
丛书名: 中国古代教育智慧
单 册:
中图分类: B222.25 , B823.1
科图分类:
主题词: 儒家--ru jia--孝--研究
电子资源:
ISBN: 978-7-5208-0474-5
000 01215nam 2200301 450
001 012001006853
005 20140101172957.0
010    @a978-7-5208-0474-5@dCNY35.00
099    @aCAL 012019005402
100    @a20190111d2018 em y0chiy50 ea
101 0  @achi
102    @aCN@b110000
105    @aa z 000yy
106    @ar
200 1  @a孝经的教育智慧@Axiao jing de jiao yu zhi hui@f刘枫著
210    @a北京@c中国商业出版社@d2018
215    @a161页@c图@d24cm
225 2  @a中国古代教育智慧@Azhong guo gu dai jiao yu zhi hui
330    @a《孝经》在唐代被尊为经书,南宋以后被列为《十三经》之一,在长期的封建社会中它被看作是“孔子述作,垂范将来”的经典,对传播和维护封建纲常起了很大作用。本书针对不同地位、身份的人分别进行了论述。作者运用大思想家、教育家的名著,通过对思想大家和教育大家作品主导思想和教育理念进行剖析,来阐述古时教育思想的精髓。是一本自我吸取、提炼和提升的教育哲学读物。
333    @a国学爱好者、青年读者及相关读者。
410  0 @12001 @a中国古代教育智慧
605    @a孝经@Axiao jing@x研究
606 0  @a儒家@Aru jia@x孝@x研究
690    @aB222.25@v5
690    @aB823.1@v5
701  0 @a刘枫@Aliu feng@4著
801  0 @aCN@b上海新华@c20191020
905    @b1132370-3@dB222.25@e888@f4
    
    孝经的教育智慧/刘枫著.-北京:中国商业出版社,2018
    161页:图;24cm.-(中国古代教育智慧)
    使用对象:国学爱好者、青年读者及相关读者。
    
    ISBN 978-7-5208-0474-5:CNY35.00
    《孝经》在唐代被尊为经书,南宋以后被列为《十三经》之一,在长期的封建社会中它被看作是“孔子述作,垂范将来”的经典,对传播和维护封建纲常起了很大作用。本书针对不同地位、身份的人分别进行了论述。作者运用大思想家、教育家的名著,通过对思想大家和教育大家作品主导思想和教育理念进行剖析,来阐述古时教育思想的精髓。是一本自我吸取、提炼和提升的教育哲学读物。
●
相关链接 在E读中查询图书 在五车中查询图书 在当当中查询图书 在豆瓣中查询图书


正题名:孝经的教育智慧     索取号:B222.25/888         预约/预借

序号 登录号 条形码 馆藏地/架位号 状态 备注
1 1132370   211323708   第一样本阅览室/ [索取号:B222.25/888] 在馆    
2 1132371   211323717   第一借阅区/ [索取号:B222.25/888] 在馆    
3 1132372   211323726   第一借阅区/ [索取号:B222.25/888] 在馆    
4 1132373   211323735   第一借阅区/ [索取号:B222.25/888] 在馆    
唐山师范学院图书馆 欢迎您!
大连网信软件有限公司© 版权所有